000
00267nam a22001217a 4500
008
181105b xxu||||| |||| 00| 0 eng d
041
_a
eng
080
_2
6 th
_a
030
100
_a
24
101
_a
enc
245
_a
Scientific Encyclopedia
_c
Van.C
942
_2
udc
_c
BK
999
_c
51818
_d
51818